| 000 | 00507nam a2200133 a 4500 | ||
|---|---|---|---|
| 005 | 20140414132101.0 | ||
| 008 | 100719s19uu xx 00 eng d | ||
| 050 |
_aM 948.5 _bAn6 2002 |
||
| 100 | _aAnker, Leif | ||
| 245 |
_aWorld heritage sites in Sweden / _cLeif Anker, Gunilla Litzell, Bengt A. Lundberg ; [translation, Roger Tanner]. |
||
| 260 |
_a[Stockholm] : _bThe Swedish Institute : The National Heritage Board, _c2002. |
||
| 650 | _aWorld Heritage areas --Sweden --Pictorial works. | ||
| 999 |
_c114472 _d114472 |
||